=LDR 00000nam 2200000 4500 =001 INLIS000000000050311 =005 20170427013313 =035 ##$$a 0010-0417000126 =007 ta =008 170427###########################0###### =020 ##$$a 978 - 602 - 17535 - 6 - 9 =082 ##$$a 615 =084 ##$$a 615 HAN k =100 #$$a Handayani, Tuty =245 1#$$a Khasiat Ampuh Akar - Batang - Daun /$c Tuty Handayani =250 ##$$a Cet.1 =260 ##$$a Sidoarjo :$b Infra Pustaka,$c 2013 =300 ##$$a 144 hlm. : $b Ilus ; $c 23 cm. =650 ##$$a Tanaman Obat =990 ##$$a 75087508 =990 ##$$a 75087508 =990 ##$$a 31700045 =990 ##$$a 02201707508 =990 ##$$a 31700046 =990 ##$$a 31700045